000
00293 a2200133 4500
001
38190
082
_a
629.836 ISI
090
_c
24257
_d
24257
100
_a
Isidori Alberto
245
_a
Nonlinear control system
250
_a
3
260
_a
New York
_b
Springer
_c
1995
300
_a
549p
942
_a
NUST-CAE
_k
629.836 ISI
999
_c
273263
_d
273263